| 000 | 01009nam a22003137a 4500 | ||
|---|---|---|---|
| 003 | CHAP | ||
| 005 | 20220329141558.0 | ||
| 008 | 971013s1971 r 00010 d | ||
| 010 | _a70445 | ||
| 011 | _a71417 | ||
| 035 | _a80971 | ||
| 040 | _cCHAP | ||
| 082 |
_a621.3 _bB3Y |
||
| 100 | 0 | 0 |
_aBalabanian, Norman. _99590 |
| 245 | _aIngeniería eléctrica; redes de diodos y resistivas | ||
| 260 |
_aMéxico, D. F. : _bMcGraw-Hill, _c1971 |
||
| 300 | _a301 p. | ||
| 590 |
_aBATCH-UPD _b10 _c20130110 _lUCH01 _h0446 |
||
| 590 |
_aBATCH-UPD _b10 _c20130110 _lUCH01 _h2157 |
||
| 590 |
_aBATCH-UPD _b10 _c20130410 _lUCH01 _h0123 |
||
| 590 |
_aBATCH-UPD _b10 _c20130914 _lUCH01 _h0525 |
||
| 590 |
_aCONVERSION _b10 _c20130109 _lUCH01 _h1339 |
||
| 650 | 1 | 4 |
_aIngeniería eléctrica. _958223 |
| 700 | 0 |
_aLePage, Wilbur R. _966246 |
|
| 901 | _aBK | ||
| 942 | _cLIBRO | ||
| 949 |
_a621.3 B3Y _bBC _cLIBRO _d33724000049235 _eLIBRO _h16718 _i80971 _si |
||
| 949 |
_a621.3 B3Y _bBC _cLIBRO _d33724000831533 _eLIBRO _fc.2 _h16719 _i80971 _si |
||
| 999 |
_c70445 _d70445 |
||